00773 2200193 4500001002100000005001500021035002000036008004100056245004100097100001500138250000600153260003400159300001200193084001400205082000800219650001000227520033000237990001200567INLIS00000000000101420240528094413 a0010-0524000249240528 1 ind 1 aMilea; Suara Dari Dilan /cPidi Baiq aBaiq, Pidi a1 aBandung :bPastel Book,c2016 a360 hlm a813 PID m a813 4aFiksi aMilea Suara dari Dilan adalah Sekuel ketiga dari novel Dilan tahun 1990 dan Dilan tahun 1991. Novel ini bercerita dari sudut pandang Dilan sebagai pacar resmi Milea. Kisah cinta mereka dipenuhi warna. Kecemburuan, kesedihan, kebahagiaan dan romantisme menyelimuti kisah mereka. Dan akhirnya sebuah perpisahan pun terjadi..... a0743991